000 00627nam a2200193Ii 4500
003 JO-AjNU
008 230605s9999||||xx |||||||||||||| ||und||
040 _aJO-AjNU
_bara
_erda
_cJO-AjNU
041 _aara
050 1 4 _aJC571
100 3 _aالامام، محاسن,
_eauthor
_943815
245 0 0 _a حقي .. بالتغيير 
264 3 1 _aعمان: مركز الإعلاميات العربيات، 1900
300 _a72ص
336 _atext
_btxt
_2rdacontent
337 _aunmediated
_bn
_2rdamedia
338 _avolume
_bnc
_2rdacarrier
650 4 _aحقوق الإنسان -- الحقوق المدنية
_943816
999 _aA18864
_c22432
_d22432